000 01964cam a2200133 4500500
005 20260329023253.0
041 _afre
042 _adc
100 1 0 _aLiogier, Raphaël
_eauthor
245 0 0 _aSouci de soi, conscience du monde : Vers une religion globale ?
260 _bArmand Colin,
_c2012.
520 _aOn nous dit que nos contemporains sont de plus en plus individualistes, et c’est sans doute vrai: obsession de l’apparence physique, de l’équilibre psychique, du développement personnel, quête du bien-être et d’un bonheur égocentré. Mais, dans le même temps, nous ne nous sommes jamais autant préoccupés du monde, du monde dans son ensemble, au-delà de toutes les frontières: conscience écologique, développement durable, dialogue des cultures, action humanitaire. L’individuel d’un côté, de l’autre le global. Deux pôles apparemment inconciliables comme l’huile et l’eau, qui sont pourtant magiquement mêlés dans les consciences contemporaines.Ce mélange paradoxal a donné naissance à la religion dominante de notre temps, l’individuo-globalisme, qui imprègne tous les domaines de la vie humaine: la santé, la politique, le sport, l’éthique, et même l’entreprise. Elle consacre l’authenticité, le naturel, le ressourcement, l’énergie et s’accompagne de pratiques (nouvelles, même si elles ont parfois des origines anciennes), telles que le yoga, la sophrologie, le qi gong, la méditation. Cette foi nouvelle est en train de changer, silencieusement, notre monde. D’imposer un nouveau rythme de vie, de nouvelles règles du jeu. C’est ce changement insidieux mais radical que cet essai se propose de décrire et d’expliquer.Raphaël Liogier est professeur à l’Institut d’études politiques d’Aix-en-Provence où il dirige l’Observatoire du religieux.
856 4 1 _uhttps://shs.cairn.info/souci-de-soi-conscience-du-monde--9782200248420?lang=fr&redirect-ssocas=7080
999 _c1925958
_d1925958